000
00308 a2200157 4500
001
179206
020
_a
040
_c
Magnum
100
_a
Souza, Valeria
240
1
0
_a
Gato sapeca
_l
por
245
1
0
_a
Gato sapeca
362
0
_a
1899
440
1
_a
Moderna
697
_a
MAGNITO: I/ANIMAIS
942
_c
BK
999
_c
179206
_d
179206